[Event "LTU-chT (Women)"]
[Site "Lithuania"]
[Date "2018.03.24"]
[Round "2.1"]
[White "Meskenaite, Rugile"]
[Black "Gailiunaite, Saule"]
[Result "0-1"]
[WhiteElo "1696"]
[BlackElo "1876"]
[PlyCount "52"]
[EventDate "2018.03.24"]
[EventType "team-tourn"]
[EventRounds "5"]
[EventCountry "LTU"]
[SourceTitle "EXT 2019"]
[Source "ChessBase"]
[SourceDate "2018.10.10"]
[SourceVersion "1"]
[SourceVersionDate "2018.10.10"]
[SourceQuality "1"]
[WhiteTeam "Plunge Bokstas (W)"]
[BlackTeam "Kaunas Margiris (W)"]
[WhiteTeamCountry "LTU"]
[BlackTeamCountry "LTU"]

1. e4 c5 2. Nf3 Nc6 3. d4 cxd4 4. Nxd4 Nf6 5. Nc3 d6 6. Bc4 Bd7 7. 0-0 g6 8. Kh1 Nxd4 9. Qxd4 Bg7 10. Qd3 a6 11. f4 b5 12. Bb3 0-0 13. f5 Kh8 14. a3 Ng4 15. Qh3 Ne5 16. Bh6 Nc4 17. Rf4 Rg8 18. Rh4 Bxh6 19. Rxh6 Rg7 20. Rf1 gxf5 21. exf5 Bc6 22. Rf2 Qb6 23. Kg1 Rxg2+ 24. Qxg2 Bxg2 25. Kxg2 Ne3+ 26. Kh3 Nxf5 0-1

[Event "LTU-ch (Women)"]
[Site "Kaunas"]
[Date "2018.03.07"]
[Round "6"]
[White "Plutaite, Ausra"]
[Black "Gailiunaite, Saule"]
[Result "0-1"]
[WhiteElo "1381"]
[BlackElo "1883"]
[PlyCount "64"]
[EventDate "2018.03.02"]
[EventType "swiss"]
[EventRounds "7"]
[EventCountry "LTU"]
[SourceTitle "EXT 2019"]
[Source "ChessBase"]
[SourceDate "2018.10.10"]
[SourceVersion "1"]
[SourceVersionDate "2018.10.10"]
[SourceQuality "1"]

1. e4 c5 2. Nc3 Nc6 3. f4 g6 4. Nf3 Bg7 5. Bb5 Nd4 6. 0-0 e6 7. e5 a6 8. Bd3 Nxf3+ 9. Qxf3 d5 10. exd6 Qxd6 11. Ne4 Qc7 12. Rb1 c4 13. Bxc4 f5 14. Bxe6 fxe4 15. Qxe4 Qb6+ 16. Kh1 Qxe6 17. Qa4+ b5 18. Qb4 Qe7 19. Qa5 Nf6 20. b3 0-0 21. Ba3 Qd8 22. Qb4 Re8 23. c4 Bf5 24. Rbc1 bxc4 25. Qxc4+ Qd5 26. Qb4 Re2 27. Rg1 Be4 28. Qc4 Qxc4 29. Rxc4 Rxd2 30. Rc7 Rxa2 31. Bd6 Nd5 32. Rd7 Bd4 0-1

[Event "LTU-ch (Women)"]
[Site "Kaunas"]
[Date "2018.03.05"]
[Round "4"]
[White "Ramanauskaite, Giedre"]
[Black "Gailiunaite, Saule"]
[Result "1-0"]
[WhiteElo "1882"]
[BlackElo "1883"]
[PlyCount "119"]
[EventDate "2018.03.02"]
[EventType "swiss"]
[EventRounds "7"]
[EventCountry "LTU"]
[SourceTitle "EXT 2019"]
[Source "ChessBase"]
[SourceDate "2018.10.10"]
[SourceVersion "1"]
[SourceVersionDate "2018.10.10"]
[SourceQuality "1"]

1. d4 d5 2. c4 e6 3. Nc3 c5 4. cxd5 exd5 5. Nf3 Nc6 6. e3 Nf6 7. Be2 Be7 8. 0-0 0-0 9. a3 c4 10. b3 cxb3 11. Qxb3 Na5 12. Qa2 a6 13. a4 Be6 14. Ba3 Ne4 15. Bxe7 Qxe7 16. Qa3 Qxa3 17. Rxa3 Rfc8 18. Nxe4 dxe4 19. Ng5 Bd5 20. Bg4 Rc6 21. Bf5 g6 22. Bxe4 Bxe4 23. Nxe4 f5 24. Nc5 b6 25. Nd3 Rac8 26. Ra2 Rc4 27. h3 Nc6 28. Rb1 Rb8 29. Rc1 Rxc1+ 30. Nxc1 b5 31. axb5 axb5 32. Nb3 Nb4 33. Ra7 Nd3 34. Kf1 Rc8 35. Rb7 b4 36. Ke2 Rc3 37. Nc5 Nxc5 38. dxc5 Rxc5 39. Rxb4 Rc7 40. Kf3 Kg7 41. Rb6 Kh6 42. g4 Kg5 43. Kg3 fxg4 44. Rb5+ Kf6 45. Kxg4 h5+ 46. Kf4 Rc6 47. e4 Ra6 48. e5+ Kf7 49. Kg5 Ra2 50. f4 Rg2+ 51. Kh6 Rg3 52. Rb7+ Kf8 53. Rb6 Rxh3 54. Kxg6 h4 55. Kf6 Ke8 56. e6 Rd3 57. Rb8+ Rd8 58. Rxd8+ Kxd8 59. e7+ Ke8 60. Ke6 1-0

[Event "LTU-ch (Women)"]
[Site "Kaunas"]
[Date "2018.03.02"]
[Round "1"]
[White "Gailiunaite, Saule"]
[Black "Straukiene, Irena"]
[Result "1-0"]
[WhiteElo "1883"]
[BlackElo "1628"]
[PlyCount "53"]
[EventDate "2018.03.02"]
[EventType "swiss"]
[EventRounds "7"]
[EventCountry "LTU"]
[SourceTitle "EXT 2019"]
[Source "ChessBase"]
[SourceDate "2018.10.10"]
[SourceVersion "1"]
[SourceVersionDate "2018.10.10"]
[SourceQuality "1"]

1. d4 d5 2. c4 e6 3. Nc3 Nf6 4. cxd5 exd5 5. Bg5 Be7 6. e3 c6 7. Bd3 Bg4 8. Qc2 Nbd7 9. Nge2 h6 10. Bh4 0-0 11. h3 Bxe2 12. Bxe2 Re8 13. 0-0 Rc8 14. Rab1 Qc7 15. Bg3 Bd6 16. Bxd6 Qxd6 17. b4 Ne4 18. Na4 Ndf6 19. a3 b6 20. Rfc1 Nxf2 21. Kxf2 Ne4+ 22. Kg1 Qg3 23. Bf3 Ng5 24. Bg4 Rxe3 25. Qf2 Nf3+ 26. Bxf3 Qxf2+ 27. Kxf2 1-0

[Event "EU-chT (Women) 21st"]
[Site "Heraklion"]
[Date "2017.11.01"]
[Round "5.4"]
[White "Gailiunaite, Saule"]
[Black "Gara, Anita"]
[Result "0-1"]
[WhiteElo "1838"]
[BlackElo "2382"]
[PlyCount "68"]
[EventDate "2017.10.28"]
[EventType "team-swiss"]
[EventRounds "9"]
[EventCountry "GRE"]
[SourceTitle "CBM 181 Extra"]
[Source "ChessBase"]
[SourceDate "2017.12.12"]
[SourceVersion "1"]
[SourceVersionDate "2017.12.12"]
[SourceQuality "1"]
[WhiteTeam "Lithuania (W)"]
[BlackTeam "Hungary (W)"]
[WhiteTeamCountry "LTU"]
[BlackTeamCountry "HUN"]

1. d4 d5 2. c4 dxc4 3. e4 b5 4. a4 c6 5. axb5 cxb5 6. b3 e5 7. d5 Nf6 8. f3 Qb6 9. Qc2 Bc5 10. Ne2 cxb3 11. Qxb3 Bf2+ 12. Kd1 0-0 13. Bb2 Nbd7 14. Nd2 Bb7 15. Nc3 a6 16. Be2 Nc5 17. Qc2 Rac8 18. Qb1 Bd4 19. g3 Rfd8 20. Rf1 Ne6 21. Na2 Bxd5 22. exd5 Nxd5 23. Bd3 Ne3+ 24. Ke2 Nxf1 25. Nxf1 Bxb2 26. Qxb2 Nd4+ 27. Kd1 Nxf3 28. Nb4 a5 29. Qe2 axb4 30. Qxf3 Qd4 31. Rb1 e4 32. Qe3 Qc3 33. Qxe4 Rxd3+ 34. Ke2 Qc2+ 0-1

[Event "LTU-ch U18 Girls"]
[Site "Kaunas"]
[Date "2017.04.10"]
[Round "6"]
[White "Gailiunaite, Saule"]
[Black "Semonaviciute, Agne"]
[Result "1/2-1/2"]
[WhiteElo "1894"]
[BlackElo "1796"]
[PlyCount "101"]
[EventDate "2017.04.05"]
[EventType "tourn"]
[EventRounds "6"]
[EventCountry "LTU"]
[SourceTitle "CBM 177 Extra"]
[Source "ChessBase"]
[SourceDate "2017.04.27"]
[SourceVersion "1"]
[SourceVersionDate "2017.04.27"]
[SourceQuality "1"]

1. d4 Nf6 2. c4 c5 3. d5 b5 4. Nd2 bxc4 5. e4 d6 6. Bxc4 g6 7. b3 Bg7 8. Bb2 0-0 9. Ngf3 Bb7 10. 0-0 Nbd7 11. Qc2 Ng4 12. Bxg7 Kxg7 13. h3 Nge5 14. Nxe5 Nxe5 15. f4 Nd7 16. Nf3 f6 17. Qc3 Kg8 18. Rad1 h6 19. Nh4 Kh7 20. Bd3 Rg8 21. Rf3 Kh8 22. Bb1 g5 23. Nf5 Qf8 24. e5 dxe5 25. Qc2 Bc8 26. fxg5 Rxg5 27. h4 Rg8 28. Qd2 Nb6 29. Nxh6 Rg7 30. d6 e6 31. Rxf6 Qxf6 32. Rf1 Rxg2+ 33. Kxg2 Bb7+ 34. Kg1 Qxh4 35. Nf7+ Kg7 36. Qg5+ Qxg5+ 37. Nxg5 Bd5 38. Rf7+ Kh6 39. Nxe6 Bxe6 40. Rf6+ Kg5 41. Rxe6 Kf4 42. Kf2 Nd5 43. Bd3 Rd8 44. Bb5 Nc3 45. Bc6 Ne4+ 46. Bxe4 Kxe4 47. Ke2 a5 48. d7 Rxd7 49. Ra6 Rh7 50. Rxa5 Rh2+ 51. Ke1 1/2-1/2

[Event "LTU-ch U18 Girls"]
[Site "Kaunas"]
[Date "2017.04.06"]
[Round "2"]
[White "Gailiunaite, Saule"]
[Black "Meskenaite, Rugile"]
[Result "1-0"]
[WhiteElo "1894"]
[BlackElo "1706"]
[PlyCount "89"]
[EventDate "2017.04.05"]
[EventType "tourn"]
[EventRounds "6"]
[EventCountry "LTU"]
[SourceTitle "CBM 177 Extra"]
[Source "ChessBase"]
[SourceDate "2017.04.27"]
[SourceVersion "1"]
[SourceVersionDate "2017.04.27"]
[SourceQuality "1"]

1. d4 c5 2. d5 Nf6 3. c4 e6 4. Nc3 exd5 5. cxd5 d6 6. Nf3 g6 7. Nd2 Bg7 8. e4 0-0 9. Bd3 Re8 10. 0-0 a6 11. a4 Nbd7 12. f4 Nf8 13. Nc4 Ng4 14. Qe1 f5 15. h3 fxe4 16. Nxe4 Nh6 17. Ncxd6 Re7 18. Nxc8 Rxc8 19. d6 Re8 20. Qd1 Bd4+ 21. Kh2 Nf5 22. Qb3+ Kh8 23. Qxb7 c4 24. Bc2 Nxd6 25. Nxd6 Qxd6 26. Rb1 Rc7 27. Qf3 Rce7 28. Rd1 Qc5 29. Bd2 Re2 30. Bc3 Bxc3 31. Qxc3+ Kg8 32. Bd3 Rxg2+ 33. Kxg2 Qd5+ 34. Kh2 cxd3 35. Qxd3 Qh5 36. Qd5+ Qxd5 37. Rxd5 Re4 38. Ra5 Rxf4 39. Rxa6 Rb4 40. Ra8 Kg7 41. a5 Ne6 42. a6 h5 43. b3 Rb6 44. b4 Ng5 45. b5 1-0

[Event "LTU-ch U18 Girls"]
[Site "Kaunas"]
[Date "2017.04.05"]
[Round "1"]
[White "Fokaite, Gabriele"]
[Black "Gailiunaite, Saule"]
[Result "0-1"]
[WhiteElo "1577"]
[BlackElo "1894"]
[PlyCount "62"]
[EventDate "2017.04.05"]
[EventType "tourn"]
[EventRounds "6"]
[EventCountry "LTU"]
[SourceTitle "CBM 177 Extra"]
[Source "ChessBase"]
[SourceDate "2017.04.27"]
[SourceVersion "1"]
[SourceVersionDate "2017.04.27"]
[SourceQuality "1"]

1. e4 c5 2. Nc3 Nc6 3. Bb5 Nd4 4. Bc4 g6 5. f4 d6 6. Nf3 Bg7 7. 0-0 e6 8. d3 a6 9. a3 Ne7 10. Rb1 Nec6 11. Bd2 0-0 12. Ne2 Nxf3+ 13. Rxf3 b5 14. Ba2 d5 15. Qc1 dxe4 16. dxe4 Bb7 17. Ng3 Nd4 18. Rf2 h5 19. c3 h4 20. cxd4 hxg3 21. Re2 Bxd4+ 22. Be3 gxh2+ 23. Kxh2 Bxe4 24. Ra1 Bb7 25. Qe1 Bxe3 26. Rxe3 Qd4 27. Qf2 Kg7 28. Rae1 Rh8+ 29. Kg3 Qf6 30. Kg4 Qf5+ 31. Kg3 Qh5 0-1

[Event "LTU-chT (Women)"]
[Site "Vilnius"]
[Date "2017.01.28"]
[Round "1.3"]
[White "Gailiunaite, Saule"]
[Black "Saunoriute, Milda"]
[Result "1-0"]
[WhiteElo "1800"]
[BlackElo "1371"]
[PlyCount "103"]
[EventDate "2017.01.28"]
[EventType "team-tourn"]
[EventRounds "7"]
[EventCountry "LTU"]
[SourceTitle "EXT 2018"]
[Source "ChessBase"]
[SourceDate "2017.10.13"]
[SourceVersion "1"]
[SourceVersionDate "2017.10.13"]
[SourceQuality "1"]
[WhiteTeam "Kaunas Margiris (W)"]
[BlackTeam "Klaipeda Jura (W)"]
[WhiteTeamCountry "LTU"]
[BlackTeamCountry "LTU"]

1. d4 Nf6 2. c4 e5 3. dxe5 Ng4 4. e3 Nxe5 5. Nh3 Bb4+ 6. Nd2 d5 7. cxd5 Qxd5 8. Nf4 Qd8 9. Be2 Nbc6 10. 0-0 0-0 11. a3 Be7 12. Qc2 Bg5 13. Nb3 Bxf4 14. exf4 Nd7 15. Be3 Nb6 16. Rfd1 Qf6 17. Bf3 Bf5 18. Qe2 Rad8 19. Nc5 Bc8 20. Ne4 Qe6 21. Rac1 Rxd1+ 22. Qxd1 Rd8 23. Qc2 h6 24. Ng3 Bd7 25. f5 Qf6 26. Be4 Nc8 27. Nh5 Qe5 28. Bf4 Qa5 29. b4 Qxa3 30. b5 Nd4 31. Qxc7 Rf8 32. Re1 Qb4 33. Qc1 Bxb5 34. Bd2 Qc4 35. Qb2 f6 36. Nf4 Nb6 37. Be3 Rd8 38. Bb1 Kh7 39. Ne6 Ne2+ 40. Kh1 Rc8 41. Bd2 Na4 42. Qa3 Nc5 43. Qf3 Nd4 44. Qh5 Be8 45. Qg4 Ncxe6 46. fxe6+ Kg8 47. Bxh6 Rc7 48. h3 Nb5 49. Bf4 Rc8 50. Qf5 g6 51. Qxf6 Qb4 52. Be5 1-0

[Event "EU-Cup (Women) 21st"]
[Site "Novi Sad"]
[Date "2016.11.08"]
[Round "3.6"]
[White "Manelidou, Maria"]
[Black "Gailiunaite, Saule"]
[Result "1-0"]
[WhiteElo "2084"]
[BlackElo "1804"]
[PlyCount "39"]
[EventDate "2016.11.06"]
[EventType "team-swiss"]
[EventRounds "7"]
[EventCountry "SRB"]
[SourceTitle "CBM 175 Extra"]
[Source "ChessBase"]
[SourceDate "2016.12.12"]
[SourceVersion "1"]
[SourceVersionDate "2016.12.12"]
[SourceQuality "1"]
[WhiteTeam "Midland Monarchs (W)"]
[BlackTeam "Kaunas Margiris (W)"]
[WhiteTeamCountry "ENG"]
[BlackTeamCountry "LTU"]

1. e4 c5 2. Nf3 Nc6 3. Bb5 g6 4. 0-0 Bg7 5. Nc3 a6 6. Bxc6 dxc6 7. h3 c4 8. a4 Bd7 9. a5 e5 10. d3 cxd3 11. Qxd3 Ne7 12. Rd1 h6 13. Be3 f5 14. Qd6 Qc8 15. Na4 fxe4 16. Nb6 exf3 17. Nxc8 Bxc8 18. Bc5 Bf8 19. Qd8+ Kf7 20. Bxe7 1-0

[Event "EU-Cup (Women) 21st"]
[Site "Novi Sad"]
[Date "2016.11.06"]
[Round "1.7"]
[White "Rakic, Marija"]
[Black "Gailiunaite, Saule"]
[Result "1-0"]
[WhiteElo "2334"]
[BlackElo "1804"]
[PlyCount "103"]
[EventDate "2016.11.06"]
[EventType "team-swiss"]
[EventRounds "7"]
[EventCountry "SRB"]
[SourceTitle "CBM 175 Extra"]
[Source "ChessBase"]
[SourceDate "2016.12.12"]
[SourceVersion "1"]
[SourceVersionDate "2016.12.12"]
[SourceQuality "1"]
[WhiteTeam "Goracici Jelica (W)"]
[BlackTeam "Kaunas Margiris (W)"]
[WhiteTeamCountry "SRB"]
[BlackTeamCountry "LTU"]

1. d4 f5 2. g3 Nf6 3. Bg2 g6 4. Nf3 Bg7 5. 0-0 0-0 6. c4 d6 7. Nc3 c6 8. d5 e5 9. dxe6 Bxe6 10. Qd3 Na6 11. Ng5 Qe7 12. Bf4 Rad8 13. Rad1 Ng4 14. Nd5 Qe8 15. Qa3 Ne5 16. b3 h6 17. Nxe6 Qxe6 18. Be3 g5 19. Qc1 Kh8 20. Nc3 f4 21. Bd4 Nc7 22. Bxa7 f3 23. exf3 Nxf3+ 24. Bxf3 Rxf3 25. Bd4 Bxd4 26. Rxd4 Qf6 27. Qd2 Ne6 28. Rd3 g4 29. Ne4 Rxd3 30. Qxd3 Qg6 31. Qc3+ Kg8 32. Nf6+ Kf7 33. f3 gxf3 34. Rxf3 Ke7 35. Qb4 Rb8 36. Qb6 Qb1+ 37. Rf1 Qxa2 38. Nd5+ cxd5 39. cxd5 Qc2 40. Re1 Kd7 41. Qb5+ Kd8 42. Rxe6 Qd1+ 43. Kg2 Qc2+ 44. Re2 Qg6 45. Qb6+ Kd7 46. Qe3 Kc7 47. Re1 Qc2+ 48. Kg1 Qg6 49. Rc1+ Kd7 50. Qb6 Rd8 51. Qc7+ Ke8 52. Re1+ 1-0

[Event "Kaunas Butnorius 70 op"]
[Site "Kaunas"]
[Date "2016.08.05"]
[Round "7"]
[White "Gailiunaite, Saule"]
[Black "Vager, Boris"]
[Result "0-1"]
[WhiteElo "1844"]
[BlackElo "2117"]
[PlyCount "72"]
[EventDate "2016.08.01"]
[EventType "swiss"]
[EventRounds "9"]
[EventCountry "LTU"]
[SourceTitle "CBM 173 Extra"]
[Source "ChessBase"]
[SourceDate "2016.08.29"]
[SourceVersion "1"]
[SourceVersionDate "2016.08.29"]
[SourceQuality "1"]

1. d4 e6 2. c4 f5 3. Nc3 Nf6 4. Nf3 Be7 5. g3 0-0 6. Bg2 d6 7. 0-0 Qe8 8. b4 h6 9. a4 Nbd7 10. Ba3 c6 11. d5 cxd5 12. cxd5 e5 13. Nb5 Qh5 14. a5 Ne8 15. Nd2 a6 16. Nc3 Ndf6 17. Nc4 f4 18. e3 f3 19. Bxf3 Bg4 20. Nd2 Rc8 21. Rc1 Rxc3 22. Rxc3 e4 23. Bxg4 Nxg4 24. h4 Bxh4 25. f3 Bxg3 26. Qe2 Bh2+ 27. Kg2 Be5 28. Rh1 Qg6 29. fxg4 Bxc3 30. Nf1 Nf6 31. Nh2 Be5 32. Kh3 h5 33. Rg1 Bxh2 34. Kxh2 Nxg4+ 35. Kh1 Qf6 36. Bb2 Qh4+ 0-1

[Event "Kaunas Butnorius 70 op"]
[Site "Kaunas"]
[Date "2016.08.05"]
[Round "8"]
[White "Maciulaityte, Barbora"]
[Black "Gailiunaite, Saule"]
[Result "0-1"]
[WhiteElo "1505"]
[BlackElo "1844"]
[PlyCount "86"]
[EventDate "2016.08.01"]
[EventType "swiss"]
[EventRounds "9"]
[EventCountry "LTU"]
[SourceTitle "CBM 173 Extra"]
[Source "ChessBase"]
[SourceDate "2016.08.29"]
[SourceVersion "1"]
[SourceVersionDate "2016.08.29"]
[SourceQuality "1"]

1. e4 c5 2. Nf3 Nc6 3. d4 cxd4 4. Nxd4 Nf6 5. Nc3 d6 6. f3 Nxd4 7. Qxd4 g6 8. Be3 Bg7 9. Qd2 0-0 10. 0-0-0 a6 11. h4 h5 12. Bh6 b5 13. Bxg7 Kxg7 14. Be2 Be6 15. Nd5 Rc8 16. Kb1 Nxd5 17. exd5 Bf5 18. Bd3 Bxd3 19. Qxd3 Rc4 20. Rdg1 Qc8 21. Re1 Qc7 22. Re4 Rc8 23. Rf1 Rxe4 24. Qxe4 Qc4 25. Re1 Qxe4 26. fxe4 e6 27. Kc1 Kf6 28. Kd2 Ke5 29. g3 Rc4 30. Re3 Rd4+ 31. Kc3 Rxe4 32. Rf3 Rg4 33. Kd3 Kxd5 34. c3 b4 35. Re3 bxc3 36. Kxc3 e5 37. Rd3+ Kc5 38. b3 d5 39. Kd2 d4 40. Rf3 e4 41. Rf6 Rxg3 42. Rxa6 Rg2+ 43. Kd1 d3 0-1

[Event "Kaunas Butnorius 70 op"]
[Site "Kaunas"]
[Date "2016.08.03"]
[Round "5"]
[White "Gailiunaite, Saule"]
[Black "Samodelkin, Artiom"]
[Result "1/2-1/2"]
[WhiteElo "1844"]
[BlackElo "1623"]
[PlyCount "56"]
[EventDate "2016.08.01"]
[EventType "swiss"]
[EventRounds "9"]
[EventCountry "LTU"]
[SourceTitle "CBM 173 Extra"]
[Source "ChessBase"]
[SourceDate "2016.08.29"]
[SourceVersion "1"]
[SourceVersionDate "2016.08.29"]
[SourceQuality "1"]

1. d4 d5 2. c4 e6 3. Nc3 c6 4. Nf3 Nf6 5. e3 Nbd7 6. Qc2 Bd6 7. Bd3 dxc4 8. Bxc4 b5 9. Bd3 Bb7 10. 0-0 Qc7 11. e4 e5 12. d5 b4 13. dxc6 Qxc6 14. Nd5 Qxc2 15. Bxc2 Nxd5 16. exd5 Bxd5 17. Rd1 Bxf3 18. Rxd6 Bg4 19. Bd2 a5 20. f3 Ke7 21. Rc6 Be6 22. Ba4 Rhc8 23. Re1 Rxc6 24. Bxc6 Rc8 25. Bxd7 Kxd7 26. Rxe5 Rc2 27. Be1 Rxb2 28. Rxa5 Bxa2 1/2-1/2

[Event "LTU-ch (Women)"]
[Site "Vilnius"]
[Date "2016.03.06"]
[Round "1"]
[White "Misiuk, Emilija"]
[Black "Gailiunaite, Saule"]
[Result "0-1"]
[WhiteElo "1599"]
[BlackElo "1892"]
[PlyCount "44"]
[EventDate "2016.03.06"]
[EventType "swiss"]
[EventRounds "7"]
[EventCountry "LTU"]
[SourceTitle "CBM 171 Extra"]
[Source "ChessBase"]
[SourceDate "2016.04.26"]
[SourceVersion "1"]
[SourceVersionDate "2016.04.26"]
[SourceQuality "1"]

1. d4 f5 2. c4 Nf6 3. Nc3 d6 4. Nf3 g6 5. g3 Bg7 6. Bg2 0-0 7. 0-0 c6 8. Re1 Na6 9. e4 fxe4 10. Nxe4 Nxe4 11. Rxe4 Bf5 12. Re2 Bg4 13. Bg5 Bxf3 14. Bxf3 Rxf3 15. Bxe7 Qd7 16. Re4 Rf7 17. Qe2 d5 18. cxd5 cxd5 19. Re6 Nc7 20. Rd6 Qxe7 21. Qxe7 Rxe7 22. Rd1 Rae8 0-1

[Event "EU-ch U16 Girls 25th"]
[Site "Porec"]
[Date "2015.09.29"]
[Round "8"]
[White "Gailiunaite, Saule"]
[Black "Pychova, Nela"]
[Result "0-1"]
[WhiteElo "1854"]
[BlackElo "2137"]
[PlyCount "52"]
[EventDate "2015.09.21"]
[EventType "swiss"]
[EventRounds "9"]
[EventCountry "CRO"]
[SourceTitle "EXT 2016"]
[Source "ChessBase"]
[SourceDate "2015.10.08"]
[SourceVersion "1"]
[SourceVersionDate "2015.10.08"]
[SourceQuality "1"]

1. d4 Nf6 2. c4 e6 3. Nc3 Bb4 4. Qc2 0-0 5. a3 Bxc3+ 6. Qxc3 d5 7. Bg5 c5 8. cxd5 cxd4 9. Qxd4 Nc6 10. Qh4 exd5 11. Bxf6 gxf6 12. e3 d4 13. Bd3 f5 14. Qxd8 Rxd8 15. exd4 Rxd4 16. 0-0-0 Ne5 17. Be2 Rxd1+ 18. Bxd1 Nd3+ 19. Kd2 Nxf2 20. Bf3 Nxh1 21. Nh3 Bd7 22. Bxb7 Rb8 23. Bf3 Rxb2+ 24. Ke1 Ra2 25. Bd5 Rxa3 26. g3 Be6 0-1

[Event "EU Amateur-ch (Women)"]
[Site "Kaunas"]
[Date "2015.08.16"]
[Round "9"]
[White "Ravlusevic, Evelina"]
[Black "Gailiunaite, Saule"]
[Result "0-1"]
[WhiteElo "1429"]
[BlackElo "1785"]
[PlyCount "116"]
[EventDate "2015.08.09"]
[EventType "swiss"]
[EventRounds "9"]
[EventCountry "LTU"]
[SourceTitle "CBM 167 Extra"]
[Source "ChessBase"]
[SourceDate "2015.09.14"]
[SourceVersion "1"]
[SourceVersionDate "2015.09.14"]
[SourceQuality "1"]

1. d4 d5 2. c4 e6 3. Nc3 c5 4. dxc5 d4 5. Nb5 Bxc5 6. Nf3 a6 7. Nbxd4 e5 8. Nxe5 Bxd4 9. Nd3 Nf6 10. e3 Bb6 11. Be2 Be6 12. Qc2 Nbd7 13. 0-0 0-0 14. b3 Bf5 15. Rd1 Qc7 16. Bb2 Ng4 17. g3 f6 18. Qd2 Nge5 19. Nf4 Rfe8 20. Nd5 Qd8 21. Qb4 Nc6 22. Qd2 Ne7 23. Nxe7+ Qxe7 24. Qd5+ Qe6 25. Qxb7 Bxe3 26. Bf3 Bxf2+ 27. Kxf2 Qe3+ 28. Kg2 Ne5 29. Re1 Qh6 30. Bxe5 fxe5 31. Rad1 Rad8 32. Qc6 e4 33. Qxh6 exf3+ 34. Kxf3 gxh6 35. Rxd8 Rxd8 36. Re5 Bc8 37. Ke3 Kf7 38. Re4 Rd1 39. Rf4+ Kg6 40. Rf2 Bf5 41. b4 Rd3+ 42. Kf4 Kf6 43. g4 Rd4+ 44. Ke3 Rxg4 45. Rf4 Rxf4 46. Kxf4 Be6 47. b5 axb5 48. cxb5 Bxa2 49. b6 Bd5 50. Kg4 Kg6 51. Kh4 h5 52. h3 h6 53. Kg3 Kg5 54. h4+ Kf5 55. Kh3 Kf4 56. Kh2 Kg4 57. Kg1 Kxh4 58. Kh2 Kg4 0-1

[Event "EU Amateur-ch (Women)"]
[Site "Kaunas"]
[Date "2015.08.15"]
[Round "8"]
[White "Gailiunaite, Saule"]
[Black "Strukova, Ksenia"]
[Result "1-0"]
[WhiteElo "1785"]
[BlackElo "1665"]
[PlyCount "105"]
[EventDate "2015.08.09"]
[EventType "swiss"]
[EventRounds "9"]
[EventCountry "LTU"]
[SourceTitle "CBM 167 Extra"]
[Source "ChessBase"]
[SourceDate "2015.09.14"]
[SourceVersion "1"]
[SourceVersionDate "2015.09.14"]
[SourceQuality "1"]

1. d4 Nf6 2. c4 d6 3. Nc3 e5 4. d5 g6 5. e4 Bg7 6. Nf3 Nh5 7. g3 f5 8. Bg2 0-0 9. exf5 Bxf5 10. Nh4 Bd7 11. Ne2 a5 12. Nf3 Qc8 13. 0-0 Na6 14. Ng5 Nc5 15. Nc3 Nf6 16. Be3 b6 17. Nb5 h6 18. Bxc5 bxc5 19. Ne4 a4 20. Nec3 Qb7 21. Re1 Ng4 22. f3 Nf6 23. Bf1 g5 24. Bd3 Rfd8 25. Bc2 Bxb5 26. Nxb5 c6 27. dxc6 Qxc6 28. Bxa4 Qb6 29. Bc2 d5 30. Qe2 dxc4 31. Qxc4+ Kh8 32. Rxe5 Rab8 33. Qxc5 Qxc5+ 34. Rxc5 Rd2 35. a4 Nd7 36. Rc7 Ne5 37. Rf1 Rf8 38. f4 Ng4 39. h3 Ne3 40. Rf2 Rxf2 41. Kxf2 Nxc2 42. Rxc2 gxf4 43. b3 fxg3+ 44. Kxg3 Be5+ 45. Kg2 Kg7 46. Re2 Bf6 47. Kf3 Rd8 48. Ke4 Rd7 49. Rc2 Re7+ 50. Kd3 Kf7 51. Rc7 Ke8 52. Nd6+ Kd8 53. Rxe7 1-0

[Event "EU Amateur-ch (Women)"]
[Site "Kaunas"]
[Date "2015.08.14"]
[Round "7"]
[White "Malisauskiene, Marina"]
[Black "Gailiunaite, Saule"]
[Result "1-0"]
[WhiteElo "1964"]
[BlackElo "1785"]
[PlyCount "99"]
[EventDate "2015.08.09"]
[EventType "swiss"]
[EventRounds "9"]
[EventCountry "LTU"]
[SourceTitle "CBM 167 Extra"]
[Source "ChessBase"]
[SourceDate "2015.09.14"]
[SourceVersion "1"]
[SourceVersionDate "2015.09.14"]
[SourceQuality "1"]

1. d4 d5 2. c4 e6 3. Nc3 c5 4. cxd5 exd5 5. Nf3 Nc6 6. g3 Nf6 7. Bg2 Be7 8. 0-0 0-0 9. Bg5 c4 10. e3 Be6 11. Ne5 Qa5 12. Rc1 h6 13. Bxf6 Bxf6 14. Nxc6 bxc6 15. b3 Rac8 16. bxc4 dxc4 17. Qc2 Rfd8 18. Rfd1 Be7 19. Qa4 Qc7 20. Bf1 Rb8 21. Rb1 Rxb1 22. Rxb1 c5 23. d5 Bxd5 24. Nxd5 Rxd5 25. Qe8+ Bf8 26. Rb8 Qd6 27. Bxc4 Rd1+ 28. Kg2 Kh7 29. Bxf7 Qd3 30. Qe6 Rb1 31. Bg6+ Qxg6 32. Qxg6+ Kxg6 33. Rxb1 c4 34. Rc1 a5 35. Rxc4 Bb4 36. g4 h5 37. h3 hxg4 38. hxg4 Kg5 39. Kg3 Kf6 40. Kf4 Bd6+ 41. Ke4 Bb4 42. f4 Bd2 43. a3 Be1 44. Kd5 g6 45. Rc6+ Kg7 46. e4 Bd2 47. f5 gxf5 48. gxf5 Bg5 49. Ra6 Bd8 50. e5 1-0

[Event "EU Amateur-ch (Women)"]
[Site "Kaunas"]
[Date "2015.08.11"]
[Round "3"]
[White "Gailiunaite, Saule"]
[Black "Perminaite, Guoda"]
[Result "1-0"]
[WhiteElo "1785"]
[BlackElo "1687"]
[PlyCount "83"]
[EventDate "2015.08.09"]
[EventType "swiss"]
[EventRounds "9"]
[EventCountry "LTU"]
[SourceTitle "CBM 167 Extra"]
[Source "ChessBase"]
[SourceDate "2015.09.14"]
[SourceVersion "1"]
[SourceVersionDate "2015.09.14"]
[SourceQuality "1"]

1. d4 d5 2. c4 e6 3. Nc3 Nf6 4. cxd5 exd5 5. Bg5 Be7 6. e3 c6 7. Bd3 0-0 8. Qc2 Nbd7 9. Nge2 Re8 10. 0-0-0 Nf8 11. h3 b6 12. g4 Bb7 13. Ng3 h6 14. Bf4 Ne6 15. Nf5 Nxf4 16. exf4 Bd6 17. Ne2 Rc8 18. Kb1 c5 19. Qd2 Ne4 20. Bxe4 Rxe4 21. f3 Re8 22. g5 hxg5 23. Rhg1 g6 24. Rxg5 Kf8 25. Nxd6 Qxd6 26. f5 Qf6 27. Rdg1 gxf5 28. Ng3 Ke7 29. dxc5 bxc5 30. Rxf5 Qg6 31. Kc1 Kd7 32. Qf4 Re7 33. Rf6 Qg7 34. Ne2 Qf8 35. Qf5+ Ke8 36. Nf4 Rcc7 37. Nxd5 Bxd5 38. Qxd5 Red7 39. Qa8+ Rd8 40. Re1+ Re7 41. Qc6+ Rdd7 42. Rd1 1-0